000 00750nam a22002777a 4500
001 BR9606152
003 BR-BrBNA
005 20230928095303.0
007 ta
008 230509b bl.||||| |||| 00| 0 por d
040 _aBR-BrBNA
_bpor
_cBiblioteca Nacional de Agricultura
041 _a(Por)
072 _aN10; E70
090 _ N10 BR9606152
100 1 _aAnon.
245 1 _aInstalacoes de comercializacao para cereais e tuberculos. Brasil. v. 2
260 3 _aKansas City, USA:
_bWeitz - Hettelsater Engineers,
_c1963.
300 _a399 p.
500 _a127 tables
650 _aInstalacao Agricola
650 _aComercializacao
650 _aCereal
650 _aTuberculo
909 _a202309
_bLucia
_c55
_dLucia Elande
942 _cBK
999 _c55661
_d55661